| 000 | 00528nam a2200181Ia 4500 | ||
|---|---|---|---|
| 999 |
_c13953 _d13953 |
||
| 003 | OSt | ||
| 005 | 20201027123511.0 | ||
| 008 | 190216s9999||||xx |||||||||||||| ||und|| | ||
| 020 | _a9780006547457 | ||
| 040 | _coclc | ||
| 082 |
_a823.912 _bHUX/G |
||
| 100 |
_aHuxley, Aldous _94717 |
||
| 245 | 4 |
_aThe Gioconda Smile And Other Stories / _cAldous Huxley |
|
| 260 |
_bFlamingo , _c1994. _aLondon: |
||
| 300 | _a359p | ||
| 650 | _aEnglish Short Stories | ||
| 942 |
_cBK _2ddc _h823.912 _iHUX/G _k823.912 _mHUX/G |
||